Tacita Dean (Record no. 614)

MARC details
000 -LEADER
campo de control de longitud fija 00585nam a22001577a 4500
008 - DATOS DE LONGITUD FIJA--INFORMACIÓN GENERAL
campo de control de longitud fija 150522b xxu||||| |||| 00| 0 eng d
020 ## - NÚMERO INTERNACIONAL ESTÁNDAR DEL LIBRO
Número Internacional Estándar del Libro 8495273721
082 ## - NÚMERO DE LA CLASIFICACIÓN DECIMAL DEWEY
Número de clasificación 708
Número de ítem D 281t
100 ## - ENTRADA PRINCIPAL--NOMBRE DE PERSONA
Nombre de persona Dean, Tacita
9 (RLIN) 2746
245 ## - MENCIÓN DEL TÍTULO
Título Tacita Dean
Mención de responsabilidad, etc. Dean, Tacita; Groenenboom, Roland (curador)
260 ## - PUBLICACIÓN, DISTRIBUCIÓN, ETC.
Lugar de publicación, distribución, etc. Barcelona
Nombre del editor, distribuidor, etc. Museu dÁrt Contemporani de Barcelona
Fecha de publicación, distribución, etc. 2001
300 ## - DESCRIPCIÓN FÍSICA
Extensión 122 p.
Otras características físicas ill. (col)
Dimensiones 15x21 cm
600 ## - PUNTO DE ACCESO ADICIONAL DE MATERIA--NOMBRE DE PERSONA
Nombre de persona Dean, Tacita
Fechas asociadas al nombre 1965
Subdivisión general Exhibiciones
9 (RLIN) 2747
650 ## - PUNTO DE ACCESO ADICIONAL DE MATERIA--TÉRMINO DE MATERIA
Subdivisión general Cinematografia abstracta-Exhibiciones
-- Arte moderno
-- S.20
9 (RLIN) 2748
700 ## - ENTRADA AGREGADA--NOMBRE PERSONAL
Nombre de persona Tacita Dean ; Roland Groenenboom (curador)
9 (RLIN) 2749
Holdings
Estatus retirado Estado de pérdida Fuente del sistema de clasificación o colocación Estado de daño No para préstamo Biblioteca de origen Biblioteca actual Ubicación en estantería Fecha de adquisición Total de préstamos Signatura topográfica completa Código de barras Visto por última vez Fecha del último préstamo Precio de reemplazo Tipo de ítem Koha
    Clasificación Decimal Dewey     Biblioteca LadoV Biblioteca LadoV   22/05/2015 2 708 D 281t 000698 12/09/2018 22/06/2018 22/05/2015 Material 01